Interracial communication : (Record no. 23899)

MARC details
000 -LEADER
fixed length control field 01704nam a2200253 4500
001 - CONTROL NUMBER
control field vtls002366760
003 - CONTROL NUMBER IDENTIFIER
control field MY-SjTCS
005 - DATE AND TIME OF LATEST TRANSACTION
control field 20200306154007.0
008 - FIXED-LENGTH DATA ELEMENTS--GENERAL INFORMATION
fixed length control field 110218s2001 at 001 eng
020 ## - INTERNATIONAL STANDARD BOOK NUMBER
International Standard Book Number 0534528503
039 #9 - LEVEL OF BIBLIOGRAPHIC CONTROL AND CODING DETAIL [OBSOLETE]
Level of rules in bibliographic description 201910011731
Level of effort used to assign nonsubject heading access points ummi
Level of effort used to assign subject headings 201102181415
Level of effort used to assign classification VLOAD
-- 200407271936
-- VLOAD
082 04 - DEWEY DECIMAL CLASSIFICATION NUMBER
Classification number 303.482
Item number ORB
100 1# - MAIN ENTRY--PERSONAL NAME
Personal name Orbe, Mark P.
9 (RLIN) 205546
245 10 - TITLE STATEMENT
Title Interracial communication :
Remainder of title theory into practice /
Statement of responsibility, etc. Mark P. Orbe, Tina M. Harris
260 ## - PUBLICATION, DISTRIBUTION, ETC.
Place of publication, distribution, etc. Australia :
Name of publisher, distributor, etc. Wadsworth,
Date of publication, distribution, etc. c2001.
300 ## - PHYSICAL DESCRIPTION
Extent xviii, 326 p. ;
Dimensions 24 cm.
505 0# - FORMATTED CONTENTS NOTE
Formatted contents note Preface. - Acknowledgments. - Pt. One. Foundations for interracial communication theory and practice. Ch. 1. Studying interracial communication. Ch. 2. The history of race. Ch. 3. The power of language, labels, and naming. Ch. 4. The development of racial identity and racial perceptions. Ch. 5. Recognizing multiple self-identities and other identities. Ch. 6. Theoretical approaches to studying interracial communication. - Pt. Two. Interracial communication in specific contexts. Ch. 7. Interracial friendships. Ch. 8. Interracial romantic relationships. Ch. 9. Interracial communication in the context of organizations. Ch. 10. Public/small group communication. Ch. 11. Race/ethnicity, interracial communication, and the mass media. Ch. 12. Moving from the theoretical to the practical. - References. - Author index. - Subject index.
650 #0 - SUBJECT ADDED ENTRY--TOPICAL TERM
Topical term or geographic name entry element Pluralism (Social sciences)
Geographic subdivision United States.
9 (RLIN) 205547
650 #0 - SUBJECT ADDED ENTRY--TOPICAL TERM
Topical term or geographic name entry element Intercultural communication
9 (RLIN) 38652
651 #0 - SUBJECT ADDED ENTRY--GEOGRAPHIC NAME
Geographic name United States
General subdivision Ethnic relations.
9 (RLIN) 4904
651 #0 - SUBJECT ADDED ENTRY--GEOGRAPHIC NAME
Geographic name United States
General subdivision Race relations.
9 (RLIN) 4905
700 1# - ADDED ENTRY--PERSONAL NAME
Personal name Harris, Tina M.
Relator term (j.a.)
9 (RLIN) 205548
920 ## - Programme
Programme MCS(USM) : 201134
Holdings
Withdrawn status Lost status Source of classification or shelving scheme Damaged status Not for loan Home library Current library Date acquired Total Checkouts Barcode Date last seen Date last checked out Copy number Uniform Resource Identifier Koha item type Public note
    Dewey Decimal Classification     Taylor's Library-TU Taylor's Library-TU 27/07/2004 26 5000027400 05/12/2019 22/11/2016 1 Floor 3, Shelf 4 , Side 1, TierNo 6, BayNo 7 Main Collection SOMAC,09030,03,GR